000 00612nam a2200229Ia 4500
003 OSt
005 20221005121236.0
006 a|||||r|||| 00| 0
007 ta
008 221004b |||||||| |||| 00| 0 eng d
024 _a63816
037 _cTextual
040 _aCRL
_cCRL
_beng
041 _2eng
_aeng
082 _aW:26y7, J5
100 _aRobson William A Ed.
245 0 _aGreat cities of the world
_b Their government, politics and planning
260 _c1955
650 _aPOLITICAL SCIENCE
942 _hW:26y7, J5
_cTEXL
_2cc
999 _c1040554
_d1040554